000 00487nam a2200181Ia 4500
001 24319
005 20260414151035.0
008 260414t2025||||xx |||||||||||||| ||spa||
041 _aESP
082 _a345.3
_bE88
100 _aEspinoza Calderón, Víctor Raúl,
_eAUT
245 0 _aLa prueba digital en el proceso penal :
_bspectos doctrinarios y procesales
260 _c2025
300 _a477 páginas :
_c25 cm.
650 _aDER
654 _aCDE
942 _cLIB
_dJUS
_fJUS
_2ddc
_n
999 _c24319
_d24319